000 00332 a2200109 4500
001 ART_12013
005 20260410161902.0
008 260409a
245 1 0 _aUtilitarianism and horizontal equity
100 1 _aStiglitz, Joseph E.
773 0 _tJournal of public economics
_g- Vol. 18, NÂș 1 (jun. 1982)
_wREV11485
999 _c26003
_d26003